Myslieť na nemysliteľné v Európe iná cesta ako ministerstvo financií EMÚ nie je, myslí si veľký finančník

Riešenie európskej dlhovej krízy. Prijatie opatrení k zabráneniu finančnej krízy v eurozóne ako celku. Rekapitalizácia európskeho bankového systému. Refinancovanie bánk. Medzinárodný menový fond a regulácia nesolventnosti.

Salvato in:
Dettagli Bibliografici
Autore principale: Soros, George
Natura: Capitolo di libro
Lingua:slovacco
Soggetti:
Tags: Aggiungi Tag
Nessun Tag, puoi essere il primo ad aggiungerne!!

MARC

LEADER 00000naa a2200000 4500
001 0143368
005 20220725111501.7
041 0 |a slo 
044 |a SK 
245 1 0 |a Myslieť na nemysliteľné v Európe  |b iná cesta ako ministerstvo financií EMÚ nie je, myslí si veľký finančník  |c George Soros 
520 |a Riešenie európskej dlhovej krízy. Prijatie opatrení k zabráneniu finančnej krízy v eurozóne ako celku. Rekapitalizácia európskeho bankového systému. Refinancovanie bánk. Medzinárodný menový fond a regulácia nesolventnosti. 
610 2 0 |a Európa 
610 2 0 |a eurozóna 
610 2 0 |a politika menová 
610 2 0 |a Európska únia 
610 2 0 |a bezpečnosť ekonomická 
610 2 0 |a politika kohézna 
610 2 0 |a spolupráca medzinárodná 
610 2 0 |a regulácia 
610 2 0 |a Medzinárodný menový fond 
100 1 |a Soros, George